000 00270nam a2200097Ia 4500
001 649746
005 20250826153747.0
008 250824s9999 xx 000 0 und d
245 0 _aKURTULUŞUN KAHRAMANLARI 10 FATMA SEHER HANIM
_cİSMAİL BİLGİN
260 _bTİMAŞ ÇOCUK
999 _c649746
_d649746